000 00629nam a22002417a 4500
003 UA-OsUOA
001 80777
007 ta
008 20111226b un ||||| |||| 00| 0 ukr d
100 _aГавальда А.
090 _a821.161.1
_bГ12
942 _cBK
040 _aUA-OsUOA
_brus
_cUA-OsUOA
_dUA-OsUOA
245 _aПросто вместе
_bроман
300 _a590 с.
955 _a3
041 _arus
080 _a821.161.1
020 _a978-5-98358-153-1
260 _aМ.
_bИД "Флюид"
_c2007
650 7 _a82 Література. Літературознавство
_2UDC
999 _c367084
_d367084